Investment Yields Guide (Record no. 119399)
[ view plain ]
| 000 -LEADER | |
|---|---|
| fixed length control field | 00907cas a2200205 4500 |
| 001 - CONTROL NUMBER | |
| control field | L158343 |
| 008 - FIXED-LENGTH DATA ELEMENTS--GENERAL INFORMATION | |
| fixed length control field | 150113n2013 eng u |
| 035 ## - SYSTEM CONTROL NUMBER | |
| System control number | (Sirsi) u158343 |
| 041 0# - LANGUAGE CODE | |
| Language code of text/sound track or separate title | eng |
| 110 2# - MAIN ENTRY--CORPORATE NAME | |
| Corporate name or jurisdiction name as entry element | Knight Frank |
| 9 (RLIN) | 1530 |
| 245 00 - TITLE STATEMENT | |
| Title | Investment Yields Guide |
| 260 ## - PUBLICATION, DISTRIBUTION, ETC. | |
| Date of publication, distribution, etc. | 2013- |
| 490 #0 - SERIES STATEMENT | |
| Series statement | Investment Yields Guide |
| 520 ## - SUMMARY, ETC. | |
| Summary, etc. | A guide to prime yields and market sentiment across all commercial sectors including high street, shopping centres and out of town retail, leisure, foodstores, warehouses and industrial, offices and specialists such as department stores, car showrooms, student accommodation and healthcare. Includes market sentiment across all commercial sectors. |
| 554 ## - | |
| -- | Monthly |
| 651 #4 - SUBJECT ADDED ENTRY--GEOGRAPHIC NAME | |
| Geographic name | United Kingdom |
| Chronological subdivision | |
| 690 ## - LOCAL SUBJECT ADDED ENTRY--TOPICAL TERM (OCLC, RLIN) | |
| Topical term or geographic name as entry element | Commercial property |
| 9 (RLIN) | 6227 |
| 856 48 - ELECTRONIC LOCATION AND ACCESS | |
| Uniform Resource Identifier | <a href="https://www.knightfrank.com/research/">https://www.knightfrank.com/research/</a> |
| Public note | View the item free of charge at www.knightfrank.com |
| 942 ## - ADDED ENTRY ELEMENTS (KOHA) | |
| Suppress in OPAC | 0 |
| Withdrawn status | Lost status | Source of classification or shelving scheme | Damaged status | Not for loan | Home library | Current library | Shelving location | Date acquired | Total Checkouts | Full call number | Barcode | Date last seen | Copy number | Price effective from | Koha item type |
|---|---|---|---|---|---|---|---|---|---|---|---|---|---|---|---|
| Dewey Decimal Classification | Virtual | Virtual | Online | 13/01/2015 | ONLINE PUBLICATON | 158343-2001 | 06/08/2019 | 1 | 06/08/2019 | Book |